000 00618nam a2200217 i 4500
001 31713
003 ES-MaACL
005 20230906154430.0
007 t|
008 030130s1959 sp ||||1| spa d
100 1 _aBaum, Vicki.
_926577
245 1 0 _aBailarina
_b: novela /
_cVicki Baum ; [traducción del inglés por Juan G. de Luaces].
250 _a[1ª ed.].
260 _aBarcelona :
_bPlaneta,
_c[1959] (
_fPulcra)
300 _a436 p. ;
_c19 cm.
490 1 _aLuyve
700 1 _aLuaces, Juan G. de.
_974483
830 0 _aLuyve
_9181395
852 _aES-MaACL
_jC-16241
_bR.44156
999 _c31713
_d31713